000 00206 a2200109 4500
020 _a9781404102996
041 _aeng
100 _aDekker, Ted
245 _aThe Drummer boy
942 _cBK
999 _c11682
_d11682
999 _d11682